000 nam a22 7a 4500
999 _c331489
_d331489
003 NUST
005 20171002121550.0
008 171002b xxu||||| |||| 00| 0 eng d
040 _cNUST
082 _a302.23
100 _aArif,Bisma, Khalil,Nawal, & Shahab,Qurat Ul Aim
_95123
245 _aUses and gratification approch-snapchat's impact on youth in Pakistan
260 _aIslamambad
_c2016
300 _a70p
942 _2ddc
_cTH